Generalized additive models. An Introduction with R

-д хадгалсан:
Номзүйн дэлгэрэнгүй
Үндсэн зохиолч: Wood, Simon N (Зохиогч)
Формат: Үл мэдэгдэх
Хэвлэсэн: Boca Raton, USA: CRC Press / Taylor & Francis Group, 2017.
Хэвлэл:Second edition.
Цуврал:Texts in Statistical Science.
Нөхцлүүд:
Шошгууд: Шошго нэмэх
Шошго байхгүй, Энэхүү баримтыг шошголох эхний хүн болох!

MARC

LEADER 00000 a2200000 4500
003 CL-VaPUC
005 20230823144155.0
008 230817t2017 ||||| |||| 00| 0 eng d
999 |c 441527  |d 441525 
020 |a ‎ 978-1498728331 
040 |c Pontificia Universidad Católica de Valparaíso 
082 7 |a 519.282 WOO 2017  |2 22 
100 |a Wood, Simon N  |9 547278  |e author 
245 |a Generalized additive models.  |b  An Introduction with R 
250 |a Second edition.  
260 |a Boca Raton, USA:   |b CRC Press / Taylor & Francis Group,  |c 2017. 
300 |a 476 páginas.  
490 |a Texts in Statistical Science.  
583 |k GC  |c 20230817 
650 0 |a Modelos lineales  |9 270494 
650 0 |a Pasos aleatorios  |9 547280 
650 0 |a R (Lenguaje de programación)  |9 858460 
942 |2 ddc  |c BK 
952 |0 0  |1 0  |2 ddc  |4 0  |6 519_282000000000000_WOO_2017  |7 0  |8 A  |9 591255  |a BIBING  |b BIBING  |c GEN  |d 2023-08-17  |e 1  |g 79213.63  |i 5658423  |o 519.282 WOO 2017  |p 5658423  |r 2025-01-20  |t 3  |v 79213.63  |w 2023-08-17  |y BK  |k EII 
952 |0 0  |1 0  |2 ddc  |4 0  |6 519_282000000000000_WOO_2017  |7 0  |8 A  |9 591256  |a BIBING  |b BIBING  |c GEN  |d 2023-08-17  |e 1  |g 79213.63  |i 5658425  |l 2  |o 519.282 WOO 2017  |p 5658425  |r 2025-01-20  |s 2024-04-05  |t 5  |v 79213.63  |w 2023-08-17  |y BK  |k EII 
952 |0 0  |1 0  |2 ddc  |4 0  |6 519_282000000000000_WOO_2017  |7 0  |8 A  |9 591257  |a BIBING  |b BIBING  |c GEN  |d 2023-08-17  |e 1  |g 79213.63  |i 5658424  |l 4  |m 3  |o 519.282 WOO 2017  |p 5658424  |r 2025-01-20  |s 2023-10-26  |t 4  |v 79213.63  |w 2023-08-17  |y BK  |k EII 
952 |0 0  |1 0  |2 ddc  |4 0  |6 519_282000000000000_WOO_2017  |7 0  |8 A  |9 591258  |a BIBING  |b BIBING  |c GEN  |d 2023-08-17  |e 1  |g 79213.63  |i 5658421  |o 519.282 WOO 2017  |p 5658421  |r 2025-01-20  |t 1  |v 79213.63  |w 2023-08-17  |y BK  |k EII 
952 |0 0  |1 0  |2 ddc  |4 0  |6 519_282000000000000_WOO_2017  |7 0  |8 A  |9 591259  |a BIBING  |b BIBING  |c GEN  |d 2023-08-17  |e 1  |g 79213.63  |i 5658422  |o 519.282 WOO 2017  |p 5658422  |r 2025-01-20  |t 2  |v 79213.63  |w 2023-08-17  |y BK  |k EII